[Event "9th Vellmar Chess Days"]
[Site "chess24.com"]
[Date "2017.07.15"]
[Round "5"]
[White "Braun, Ingram"]
[Black "Neukirchner, Pascal"]
[Result "1-0"]
[Board "4"]
[WhiteElo "2003"]
[WhiteCountry "GER"]
[WhiteFideId "24657816"]
[WhiteEloChange "14"]
[BlackElo "2150"]
[BlackCountry "GER"]
[BlackFideId "12997927"]
[BlackEloChange "-14"]

1. e4 {[%clk 1:30:54]} c5 {[%clk 1:30:47]} 2. d3 {[%clk 1:31:16]} Nc6 {[%clk
1:30:15]} 3. g3 {[%clk 1:31:36]} g6 {[%clk 1:30:14]} 4. Bg2 {[%clk 1:31:58]} Bg7
{[%clk 1:30:40]} 5. Nd2 {[%clk 1:32:13]} e5 {[%clk 1:28:19]} 6. Ngf3 {[%clk
1:29:59]} d6 {[%clk 1:28:03]} 7. O-O {[%clk 1:29:54]} Nge7 {[%clk 1:28:29]} 8. c3
{[%clk 1:24:03]} O-O {[%clk 1:28:31]} 9. Qe2 {[%clk 1:21:29]} h6 {[%clk 1:26:00]}
10. Ne1 {[%clk 1:18:59]} Be6 {[%clk 1:20:33]} 11. f4 {[%clk 1:16:56]} Qd7 {[%clk
1:19:30]} 12. Nef3 {[%clk 1:16:21]} Rae8 {[%clk 1:12:13]} 13. a4 {[%clk 1:09:07]}
a6 {[%clk 1:04:25]} 14. Rf2 {[%clk 1:04:25]} f5 {[%clk 0:58:05]} 15. Nf1 {[%clk
1:01:40]} b5 {[%clk 0:52:54]} 16. axb5 {[%clk 1:01:23]} axb5 {[%clk 0:53:23]} 17.
Be3 {[%clk 0:57:18]} c4 {[%clk 0:52:29]} 18. N1d2 {[%clk 0:48:24]} fxe4 {[%clk
0:40:30]} 19. dxe4 {[%clk 0:43:56]} Bg4 {[%clk 0:35:27]} 20. Qf1 {[%clk 0:41:32]}
d5 {[%clk 0:35:44]} 21. exd5 {[%clk 0:38:48]} Nxd5 {[%clk 0:35:24]} 22. Bc5
{[%clk 0:36:00]} e4 {[%clk 0:34:23]} 23. Nxe4 {[%clk 0:28:12]} Rxe4 {[%clk
0:34:22]} 24. Ne5 {[%clk 0:28:21]} Rxe5 {[%clk 0:34:12]} 25. fxe5 {[%clk
0:28:44]} Rxf2 {[%clk 0:33:55]} 26. Qxf2 {[%clk 0:28:28]} Nde7 {[%clk 0:30:50]}
27. Bd6 {[%clk 0:05:55]} Be6 {[%clk 0:21:55]} 28. Qc5 {[%clk 0:06:02]} Bf7 {[%clk
0:14:16]} 29. Qxb5 {[%clk 0:05:05]} Kh7 {[%clk 0:11:45]} 30. Bxe7 {[%clk
0:04:45]} Qxe7 {[%clk 0:11:59]} 31. Qxc6 {[%clk 0:05:12]} Qxe5 {[%clk 0:12:16]}
32. Rf1 {[%clk 0:03:59]} Bg8 {[%clk 0:11:27]} 33. Be4 {[%clk 0:02:43]} Qg5 {[%clk
0:11:56]} 34. Kh1 {[%clk 0:02:22]} Qg4 {[%clk 0:09:53]} 35. Kg1 {[%clk 0:02:13]}
Qg5 {[%clk 0:10:18]} 36. Kg2 {[%clk 0:02:08]} h5 {[%clk 0:10:14]} 37. h4 {[%clk
0:01:35]} Qg4 {[%clk 0:10:43]} 38. Rf4 {[%clk 0:01:28]} Qe2+ {[%clk 0:11:12]} 39.
Kh3 {[%clk 0:01:22]} Kh8 {[%clk 0:09:29]} 40. Qxg6 {[%clk 0:01:36]} Qd1 {[%clk
0:09:16]} 41. Rf2 {[%clk 0:26:47]} Qd7+ {[%clk 0:38:49]} 42. Kh2 {[%clk 0:22:56]}
Bf8 {[%clk 0:36:26]} 43. Qxh5+ {[%clk 0:20:20]} Kg7 {[%clk 0:36:55]} 44. Qe5+
{[%clk 0:20:00]} 1-0

[Event "9th Vellmar Chess Days"]
[Site "chess24.com"]
[Date "2017.07.15"]
[Round "5"]
[White "Viebahn, Dirk"]
[Black "Dorst, Johannes"]
[Result "0-1"]
[Board "5"]
[WhiteElo "2164"]
[WhiteCountry "GER"]
[WhiteFideId "4660790"]
[WhiteEloChange "-10"]
[BlackElo "2180"]
[BlackTitle "FM"]
[BlackCountry "GER"]
[BlackFideId "4650433"]
[BlackEloChange "10"]

1. e4 {[%clk 1:30:57]} c5 {[%clk 1:30:55]} 2. Nf3 {[%clk 1:30:58]} e6 {[%clk
1:31:18]} 3. Qe2 {[%clk 1:30:42]} Nc6 {[%clk 1:30:54]} 4. g3 {[%clk 1:31:06]} e5
{[%clk 1:26:50]} 5. Bg2 {[%clk 1:30:50]} Nf6 {[%clk 1:26:13]} 6. d3 {[%clk
1:28:40]} Be7 {[%clk 1:26:14]} 7. O-O {[%clk 1:27:46]} O-O {[%clk 1:25:17]} 8. b3
{[%clk 1:18:12]} Re8 {[%clk 1:20:27]} 9. Bb2 {[%clk 1:18:00]} Bf8 {[%clk
1:20:45]} 10. Re1 {[%clk 1:13:53]} d5 {[%clk 1:12:10]} 11. exd5 {[%clk 1:08:44]}
Nxd5 {[%clk 1:11:48]} 12. Nbd2 {[%clk 1:04:47]} Bg4 {[%clk 1:10:09]} 13. h3
{[%clk 1:01:16]} Bh5 {[%clk 1:07:21]} 14. Qf1 {[%clk 0:57:54]} f6 {[%clk
1:01:43]} 15. a3 {[%clk 0:58:06]} Bf7 {[%clk 1:00:41]} 16. Ne4 {[%clk 0:55:48]}
Nd4 {[%clk 0:59:02]} 17. c4 {[%clk 0:50:13]} Nxf3+ {[%clk 0:54:39]} 18. Bxf3
{[%clk 0:50:41]} Nc7 {[%clk 0:54:34]} 19. Nc3 {[%clk 0:48:18]} Rb8 {[%clk
0:50:32]} 20. Qg2 {[%clk 0:47:26]} Qc8 {[%clk 0:40:43]} 21. Be4 {[%clk 0:38:21]}
Rd8 {[%clk 0:37:40]} 22. Rad1 {[%clk 0:35:31]} b5 {[%clk 0:31:27]} 23. Ba1 {[%clk
0:35:29]} b4 {[%clk 0:30:36]} 24. axb4 {[%clk 0:35:44]} Rxb4 {[%clk 0:30:45]} 25.
Rb1 {[%clk 0:27:29]} Qb8 {[%clk 0:30:32]} 26. f4 {[%clk 0:26:24]} Bd6 {[%clk
0:25:53]} 27. Qc2 {[%clk 0:18:37]} exf4 {[%clk 0:25:32]} 28. gxf4 {[%clk
0:17:14]} Bxf4 {[%clk 0:25:31]} 29. Na4 {[%clk 0:12:51]} Ne6 {[%clk 0:24:09]} 30.
Bc3 {[%clk 0:09:31]} Nd4 {[%clk 0:23:44]} 31. Bxd4 {[%clk 0:07:13]} cxd4 {[%clk
0:23:42]} 32. Kh1 {[%clk 0:03:14]} Be3 {[%clk 0:23:39]} 33. Rf1 {[%clk 0:02:39]}
Qc8 {[%clk 0:16:14]} 34. Qg2 {[%clk 0:02:51]} Kh8 {[%clk 0:14:28]} 35. Qg3 {[%clk
0:01:37]} Bg6 {[%clk 0:13:41]} 36. Bxg6 {[%clk 0:01:14]} hxg6 {[%clk 0:14:06]}
37. Rf3 {[%clk 0:01:08]} g5 {[%clk 0:13:10]} 38. Qg2 {[%clk 0:00:52]} Re8 {[%clk
0:12:45]} 39. Qf1 {[%clk 0:00:57]} Qc6 {[%clk 0:11:12]} 40. Qg2 {[%clk 0:01:22]}
Reb8 {[%clk 0:06:58]} 41. Rff1 {[%clk 0:16:17]} Qxg2+ {[%clk 0:38:06]} 42. Kxg2
{[%clk 0:16:46]} Rxb3 {[%clk 0:38:15]} 43. Rxb3 {[%clk 0:15:27]} Rxb3 {[%clk
0:38:36]} 44. Nc5 {[%clk 0:15:52]} Ra3 {[%clk 0:38:00]} 45. Rb1 {[%clk 0:16:05]}
Kh7 {[%clk 0:36:22]} 46. Rb7 {[%clk 0:16:06]} Kh6 {[%clk 0:36:23]} 47. Kf3 {[%clk
0:11:44]} f5 {[%clk 0:34:52]} 48. Rd7 {[%clk 0:08:06]} Ra2 {[%clk 0:21:02]} 49.
Ne6 {[%clk 0:06:37]} Rf2+ {[%clk 0:19:50]} 50. Kg3 {[%clk 0:07:05]} Rd2 {[%clk
0:19:11]} 51. Nxd4 {[%clk 0:02:32]} Bf4+ {[%clk 0:19:08]} 52. Kf3 {[%clk
0:03:02]} Rxd3+ {[%clk 0:19:25]} 53. Ke2 {[%clk 0:03:25]} Re3+ {[%clk 0:17:26]}
54. Kf1 {[%clk 0:03:54]} g6 {[%clk 0:16:18]} 55. Rxa7 {[%clk 0:04:17]} Rxh3
{[%clk 0:16:24]} 56. Ne6 {[%clk 0:03:38]} Rf3+ {[%clk 0:15:58]} 57. Kg2 {[%clk
0:04:07]} Rg3+ {[%clk 0:15:18]} 58. Kf1 {[%clk 0:04:28]} Rc3 {[%clk 0:14:04]} 59.
Ra8 {[%clk 0:04:04]} Kh5 {[%clk 0:13:55]} 60. c5 {[%clk 0:04:21]} Kg4 {[%clk
0:14:07]} 61. Rg8 {[%clk 0:02:05]} Kf3 {[%clk 0:12:29]} 62. Nd4+ {[%clk 0:02:33]}
Ke3 {[%clk 0:10:19]} 63. Ne6 {[%clk 0:02:58]} Rc1+ {[%clk 0:10:24]} 64. Kg2
{[%clk 0:03:27]} Rc2+ {[%clk 0:10:22]} 65. Kf1 {[%clk 0:03:09]} g4 {[%clk
0:05:46]} 66. Rxg6 {[%clk 0:03:19]} Be5 {[%clk 0:05:52]} 67. Rg5 {[%clk 0:02:49]}
Ke4 {[%clk 0:06:12]} 68. Rg8 {[%clk 0:02:43]} g3 {[%clk 0:06:07]} 69. Ra8 {[%clk
0:00:34]} f4 {[%clk 0:04:03]} 70. Ra3 {[%clk 0:00:45]} Kf5 {[%clk 0:03:33]} 71.
Nxf4 {[%clk 0:00:00]} 0-1

[Event "9th Vellmar Chess Days"]
[Site "chess24.com"]
[Date "2017.07.15"]
[Round "5"]
[White "Boehm, Thomas"]
[Black "Hoefelsauer, Thomas"]
[Result "0-1"]
[Board "6"]
[WhiteElo "2154"]
[WhiteCountry "GER"]
[WhiteFideId "4682807"]
[WhiteEloChange "-4"]
[BlackElo "2395"]
[BlackTitle "FM"]
[BlackCountry "GER"]
[BlackFideId "24668842"]
[BlackEloChange "4"]

1. d4 {[%clk 1:30:57]} Nf6 {[%clk 1:30:51]} 2. Nf3 {[%clk 1:31:21]} c5 {[%clk
1:31:18]} 3. d5 {[%clk 1:31:44]} b5 {[%clk 1:31:44]} 4. Bg5 {[%clk 1:24:26]} Qb6
{[%clk 1:32:07]} 5. Bxf6 {[%clk 1:20:40]} Qxf6 {[%clk 1:32:32]} 6. e4 {[%clk
1:20:23]} Qxb2 {[%clk 1:23:28]} 7. Nbd2 {[%clk 1:20:30]} g6 {[%clk 1:22:57]} 8.
Rb1 {[%clk 1:18:44]} Qxa2 {[%clk 1:19:43]} 9. Bxb5 {[%clk 1:18:41]} Bg7 {[%clk
1:17:24]} 10. O-O {[%clk 1:11:07]} O-O {[%clk 1:15:57]} 11. Bc4 {[%clk 1:03:39]}
Qa5 {[%clk 1:12:32]} 12. e5 {[%clk 1:00:29]} d6 {[%clk 1:07:40]} 13. Re1 {[%clk
0:59:20]} Bf5 {[%clk 1:01:47]} 14. Rb7 {[%clk 0:54:29]} Qd8 {[%clk 1:00:28]} 15.
Qb1 {[%clk 0:40:08]} Nd7 {[%clk 0:47:29]} 16. e6 {[%clk 0:34:33]} fxe6 {[%clk
0:46:36]} 17. dxe6 {[%clk 0:29:37]} Nb6 {[%clk 0:45:56]} 18. Bd3 {[%clk 0:26:28]}
Bxd3 {[%clk 0:36:24]} 19. cxd3 {[%clk 0:26:52]} Nd5 {[%clk 0:26:33]} 20. Qb3
{[%clk 0:24:03]} Nc7 {[%clk 0:26:01]} 21. Qa4 {[%clk 0:21:03]} Rb8 {[%clk
0:17:59]} 22. Rxa7 {[%clk 0:17:46]} Ra8 {[%clk 0:18:10]} 23. Rxa8 {[%clk
0:17:59]} Qxa8 {[%clk 0:18:13]} 24. Qh4 {[%clk 0:15:24]} Bf6 {[%clk 0:15:53]} 25.
Qc4 {[%clk 0:11:07]} Qd5 {[%clk 0:15:24]} 26. Ne4 {[%clk 0:06:56]} Qxc4 {[%clk
0:14:19]} 27. dxc4 {[%clk 0:07:18]} Kg7 {[%clk 0:14:26]} 28. h4 {[%clk 0:05:10]}
Rb8 {[%clk 0:13:11]} 29. Nfg5 {[%clk 0:05:18]} h6 {[%clk 0:12:13]} 30. Nxf6
{[%clk 0:05:10]} hxg5 {[%clk 0:10:24]} 31. Nd7 {[%clk 0:05:02]} Rb4 {[%clk
0:10:29]} 32. hxg5 {[%clk 0:05:12]} Rxc4 {[%clk 0:10:42]} 33. f3 {[%clk 0:03:48]}
Rf4 {[%clk 0:09:14]} 34. Nb8 {[%clk 0:01:49]} Rf5 {[%clk 0:06:46]} 35. Nc6 {[%clk
0:02:06]} Kf8 {[%clk 0:06:16]} 36. Re4 {[%clk 0:02:05]} Rxg5 {[%clk 0:05:06]} 37.
g4 {[%clk 0:02:27]} Nd5 {[%clk 0:02:05]} 38. Ra4 {[%clk 0:02:37]} Kg7 {[%clk
0:01:42]} 39. Kg2 {[%clk 0:02:08]} Kf6 {[%clk 0:01:22]} 40. Kg3 {[%clk 0:02:24]}
Nb4 {[%clk 0:00:36]} 41. Nd8 {[%clk 0:29:58]} Rd5 {[%clk 0:29:28]} 42. Ra1 {[%clk
0:29:47]} c4 {[%clk 0:27:07]} 43. Rh1 {[%clk 0:24:54]} Kg7 {[%clk 0:26:19]} 44.
Rb1 {[%clk 0:23:26]} c3 {[%clk 0:25:43]} 0-1

[Event "9th Vellmar Chess Days"]
[Site "chess24.com"]
[Date "2017.07.15"]
[Round "5"]
[White "George, Tom"]
[Black "Kroder, Johannes"]
[Result "1/2-1/2"]
[Board "7"]
[WhiteElo "2212"]
[WhiteCountry "GER"]
[WhiteFideId "24659487"]
[WhiteEloChange "-4"]
[BlackElo "2075"]
[BlackCountry "GER"]
[BlackFideId "24692930"]
[BlackEloChange "4"]

1. e4 {[%clk 1:28:49]} c5 {[%clk 1:30:45]} 2. Nf3 {[%clk 1:28:45]} d6 {[%clk
1:31:09]} 3. d4 {[%clk 1:28:31]} cxd4 {[%clk 1:31:33]} 4. Nxd4 {[%clk 1:28:58]}
Nf6 {[%clk 1:31:55]} 5. f3 {[%clk 1:28:01]} a6 {[%clk 1:29:38]} 6. c4 {[%clk
1:28:00]} e6 {[%clk 1:29:22]} 7. Nc3 {[%clk 1:28:22]} Be7 {[%clk 1:29:46]} 8. Be3
{[%clk 1:28:27]} O-O {[%clk 1:30:08]} 9. Be2 {[%clk 1:27:24]} Nbd7 {[%clk
1:30:13]} 10. O-O {[%clk 1:27:30]} Qc7 {[%clk 1:30:32]} 11. Rc1 {[%clk 1:26:48]}
b6 {[%clk 1:30:07]} 12. Qd2 {[%clk 1:24:11]} Bb7 {[%clk 1:30:18]} 13. Rfd1 {[%clk
1:20:29]} Rac8 {[%clk 1:25:22]} 14. b4 {[%clk 1:18:33]} Rfe8 {[%clk 1:21:51]} 15.
Na4 {[%clk 1:15:45]} Qb8 {[%clk 1:20:00]} 16. Bf2 {[%clk 1:09:02]} Bd8 {[%clk
1:14:51]} 17. a3 {[%clk 1:08:12]} Bc7 {[%clk 1:14:07]} 1/2-1/2

[Event "9th Vellmar Chess Days"]
[Site "chess24.com"]
[Date "2017.07.15"]
[Round "5"]
[White "Kearns, Christopher"]
[Black "Held, Carsten, Dr."]
[Result "1/2-1/2"]
[Board "8"]
[WhiteElo "2212"]
[WhiteCountry "GER"]
[WhiteFideId "24642118"]
[WhiteEloChange "-4"]
[BlackElo "2049"]
[BlackCountry "GER"]
[BlackFideId "1271741"]
[BlackEloChange "4"]

1. e4 {[%clk 1:30:58]} c5 {[%clk 1:30:54]} 2. Nf3 {[%clk 1:31:20]} g6 {[%clk
1:31:17]} 3. d4 {[%clk 1:31:44]} cxd4 {[%clk 1:31:42]} 4. Nxd4 {[%clk 1:32:11]}
Bg7 {[%clk 1:32:01]} 5. Be3 {[%clk 1:31:22]} Nc6 {[%clk 1:32:25]} 6. Nc3 {[%clk
1:31:46]} Nf6 {[%clk 1:31:51]} 7. Nxc6 {[%clk 1:32:08]} bxc6 {[%clk 1:31:22]} 8.
e5 {[%clk 1:32:32]} Ng8 {[%clk 1:31:48]} 9. Bd4 {[%clk 1:32:57]} f6 {[%clk
1:22:45]} 10. f4 {[%clk 1:29:59]} Qa5 {[%clk 1:21:06]} 11. Bc4 {[%clk 1:30:21]}
fxe5 {[%clk 1:07:01]} 12. fxe5 {[%clk 1:30:44]} Bxe5 {[%clk 1:06:35]} 13. Qd3
{[%clk 1:31:05]} Nf6 {[%clk 1:03:18]} 14. O-O-O {[%clk 1:31:07]} Bxd4 {[%clk
0:57:32]} 15. Qxd4 {[%clk 1:31:30]} Qb6 {[%clk 0:57:10]} 16. Qe5 {[%clk 1:29:43]}
Qb8 {[%clk 0:51:06]} 17. Qg5 {[%clk 1:23:46]} d5 {[%clk 0:46:59]} 18. Rhe1 {[%clk
1:23:39]} Qd6 {[%clk 0:43:58]} 19. Bxd5 {[%clk 0:37:55]} cxd5 {[%clk 0:40:29]}
20. Nxd5 {[%clk 0:37:03]} Nxd5 {[%clk 0:39:00]} 21. Rxd5 {[%clk 0:37:30]} Qc7
{[%clk 0:37:43]} 22. Rc5 {[%clk 0:37:52]} Qd6 {[%clk 0:33:15]} 23. Rc6 {[%clk
0:36:10]} Qd7 {[%clk 0:26:06]} 24. Qf6 {[%clk 0:35:23]} Rf8 {[%clk 0:25:43]} 25.
Qc3 {[%clk 0:35:51]} Qf5 {[%clk 0:22:56]} 26. Rc7 {[%clk 0:26:50]} Bd7 {[%clk
0:20:03]} 27. Rd1 {[%clk 0:21:46]} Rc8 {[%clk 0:14:42]} 28. Rxc8+ {[%clk
0:20:24]} 1/2-1/2

[Event "9th Vellmar Chess Days"]
[Site "chess24.com"]
[Date "2017.07.15"]
[Round "5"]
[White "Schlachowitsch, Markus"]
[Black "Chandler, Patrick"]
[Result "0-1"]
[Board "9"]
[WhiteElo "1964"]
[WhiteCountry "GER"]
[WhiteFideId "4655583"]
[WhiteEloChange "-4"]
[BlackElo "2206"]
[BlackCountry "GER"]
[BlackFideId "4624041"]
[BlackEloChange "4"]

1. Nf3 {[%clk 1:30:30]} d5 {[%clk 1:30:30]} 2. c4 {[%clk 1:30:48]} c6 {[%clk
1:30:36]} 3. b3 {[%clk 1:31:08]} Bf5 {[%clk 1:30:43]} 4. Bb2 {[%clk 1:31:28]} e6
{[%clk 1:30:54]} 5. h3 {[%clk 1:30:41]} Nd7 {[%clk 1:30:47]} 6. g4 {[%clk
1:30:54]} Bg6 {[%clk 1:30:55]} 7. d3 {[%clk 1:31:02]} f6 {[%clk 1:29:47]} 8. Nc3
{[%clk 1:30:49]} Bc5 {[%clk 1:27:12]} 9. d4 {[%clk 1:31:03]} Bd6 {[%clk 1:26:38]}
10. Bg2 {[%clk 1:26:21]} f5 {[%clk 1:26:36]} 11. g5 {[%clk 1:23:23]} Ne7 {[%clk
1:26:32]} 12. Qd2 {[%clk 1:19:18]} Qb8 {[%clk 1:26:23]} 13. cxd5 {[%clk 1:19:31]}
exd5 {[%clk 1:26:16]} 14. Nh4 {[%clk 1:18:09]} Bf4 {[%clk 1:26:09]} 15. e3 {[%clk
1:18:34]} Bxg5 {[%clk 1:25:48]} 16. Nxg6 {[%clk 1:18:58]} Nxg6 {[%clk 1:25:54]}
17. Ba3 {[%clk 1:17:47]} Be7 {[%clk 1:25:51]} 18. Bxe7 {[%clk 1:18:03]} Nxe7
{[%clk 1:25:53]} 19. e4 {[%clk 1:16:45]} dxe4 {[%clk 1:25:57]} 20. O-O {[%clk
1:14:18]} O-O {[%clk 1:26:02]} 21. d5 {[%clk 1:13:50]} Nf6 {[%clk 1:26:12]} 22.
dxc6 {[%clk 1:13:49]} Nxc6 {[%clk 1:26:25]} 23. Qg5 {[%clk 1:13:48]} Qe5 {[%clk
1:26:38]} 24. Rac1 {[%clk 1:13:26]} h6 {[%clk 1:26:37]} 25. Qh4 {[%clk 1:12:42]}
Nb4 {[%clk 1:26:11]} 26. Ne2 {[%clk 1:11:21]} Nd3 {[%clk 1:26:32]} 27. Rc4 {[%clk
1:09:57]} b5 {[%clk 1:26:48]} 28. Rc6 {[%clk 1:08:53]} Rac8 {[%clk 1:26:38]} 29.
Ra6 {[%clk 1:09:06]} Rf7 {[%clk 1:26:22]} 30. f3 {[%clk 1:05:44]} Rc2 {[%clk
1:26:02]} 31. Ng3 {[%clk 1:05:19]} exf3 {[%clk 1:25:06]} 32. Bxf3 {[%clk
1:05:20]} g5 {[%clk 1:25:21]} 33. Qxh6 {[%clk 1:05:32]} Qxg3+ {[%clk 1:25:42]}
0-1

[Event "9th Vellmar Chess Days"]
[Site "chess24.com"]
[Date "2017.07.15"]
[Round "5"]
[White "von Zimmermann, Georg"]
[Black "Schulze, Lara"]
[Result "0-1"]
[Board "10"]
[WhiteElo "2072"]
[WhiteCountry "GER"]
[WhiteFideId "4663284"]
[WhiteEloChange "-8"]
[BlackElo "2141"]
[BlackTitle "WFM"]
[BlackCountry "GER"]
[BlackFideId "12956830"]
[BlackEloChange "8"]

1. e4 {[%clk 1:29:33]} e6 {[%clk 1:30:59]} 2. d4 {[%clk 1:29:55]} d5 {[%clk
1:31:23]} 3. Nc3 {[%clk 1:30:14]} Bb4 {[%clk 1:31:49]} 4. e5 {[%clk 1:30:37]} c5
{[%clk 1:32:13]} 5. Bd2 {[%clk 1:30:51]} Nh6 {[%clk 1:32:37]} 6. a3 {[%clk
1:31:03]} Bxc3 {[%clk 1:32:43]} 7. Bxc3 {[%clk 1:31:26]} b6 {[%clk 1:32:08]} 8.
Nf3 {[%clk 1:22:40]} O-O {[%clk 1:24:44]} 9. Bd3 {[%clk 1:16:27]} Ba6 {[%clk
1:23:11]} 10. O-O {[%clk 1:14:52]} Nf5 {[%clk 1:18:59]} 11. Rc1 {[%clk 1:10:56]}
Bxd3 {[%clk 1:08:25]} 12. cxd3 {[%clk 1:11:09]} Nc6 {[%clk 1:08:36]} 13. dxc5
{[%clk 1:01:15]} bxc5 {[%clk 1:08:49]} 14. b4 {[%clk 0:57:54]} cxb4 {[%clk
1:04:24]} 15. Bxb4 {[%clk 0:54:39]} Nxb4 {[%clk 1:04:35]} 16. axb4 {[%clk
0:55:07]} Qb6 {[%clk 1:04:03]} 17. Qd2 {[%clk 0:45:49]} Nd4 {[%clk 0:58:53]} 18.
Nxd4 {[%clk 0:45:24]} Qxd4 {[%clk 0:59:18]} 19. Rc7 {[%clk 0:34:34]} Rfc8 {[%clk
0:46:47]} 20. Rfc1 {[%clk 0:33:46]} Rxc7 {[%clk 0:46:33]} 21. Rxc7 {[%clk
0:34:14]} Qxe5 {[%clk 0:46:12]} 22. Qc1 {[%clk 0:30:59]} g6 {[%clk 0:45:29]} 23.
g3 {[%clk 0:31:01]} Rb8 {[%clk 0:27:29]} 24. Rxa7 {[%clk 0:22:26]} Rxb4 {[%clk
0:21:15]} 25. Qc8+ {[%clk 0:22:48]} Kg7 {[%clk 0:21:40]} 26. Ra8 {[%clk 0:22:57]}
Rb1+ {[%clk 0:20:50]} 27. Kg2 {[%clk 0:23:22]} Qe1 {[%clk 0:21:01]} 28. Qf8+
{[%clk 0:18:14]} Kf6 {[%clk 0:21:23]} 29. Qh8+ {[%clk 0:04:54]} Kf5 {[%clk
0:20:07]} 30. Qd4 {[%clk 0:03:21]} Qh1+ {[%clk 0:19:55]} 0-1

[Event "9th Vellmar Chess Days"]
[Site "chess24.com"]
[Date "2017.07.15"]
[Round "5"]
[White "Lopez-Rojas, Jeffrey"]
[Black "Lutz, Ruben"]
[Result "1-0"]
[Board "11"]
[WhiteElo "2173"]
[WhiteCountry "GER"]
[WhiteFideId "12997277"]
[WhiteEloChange "5"]
[BlackElo "1959"]
[BlackCountry "GER"]
[BlackFideId "12975974"]
[BlackEloChange "-5"]

1. d4 {[%clk 1:30:47]} d5 {[%clk 1:30:57]} 2. Nf3 {[%clk 1:31:08]} Nf6 {[%clk
1:31:21]} 3. c4 {[%clk 1:31:33]} e6 {[%clk 1:31:44]} 4. g3 {[%clk 1:31:59]} Be7
{[%clk 1:31:41]} 5. Bg2 {[%clk 1:32:24]} O-O {[%clk 1:31:47]} 6. O-O {[%clk
1:32:49]} Nbd7 {[%clk 1:31:48]} 7. Qc2 {[%clk 1:32:32]} c6 {[%clk 1:32:08]} 8.
Nbd2 {[%clk 1:31:50]} b6 {[%clk 1:32:29]} 9. e4 {[%clk 1:32:04]} Bb7 {[%clk
1:32:47]} 10. e5 {[%clk 1:30:29]} Ne8 {[%clk 1:33:07]} 11. b3 {[%clk 1:21:25]}
Nc7 {[%clk 1:33:22]} 12. Bb2 {[%clk 1:17:02]} c5 {[%clk 1:33:27]} 13. Rfd1 {[%clk
1:15:46]} cxd4 {[%clk 1:31:31]} 14. Nxd4 {[%clk 1:10:20]} Rc8 {[%clk 1:28:29]}
15. Rac1 {[%clk 1:07:16]} Nc5 {[%clk 1:15:43]} 16. b4 {[%clk 0:54:19]} Nd7 {[%clk
1:15:53]} 17. Qa4 {[%clk 0:52:07]} a5 {[%clk 1:07:04]} 18. a3 {[%clk 0:39:23]}
axb4 {[%clk 0:49:57]} 19. axb4 {[%clk 0:38:33]} Ra8 {[%clk 0:49:41]} 20. Qb3
{[%clk 0:38:29]} Qb8 {[%clk 0:48:44]} 21. N2f3 {[%clk 0:23:32]} Na6 {[%clk
0:44:16]} 22. b5 {[%clk 0:21:57]} Nac5 {[%clk 0:42:38]} 23. Qe3 {[%clk 0:18:06]}
Qc7 {[%clk 0:28:14]} 24. Nc6 {[%clk 0:17:21]} Bxc6 {[%clk 0:27:17]} 25. bxc6
{[%clk 0:17:39]} Qxc6 {[%clk 0:27:29]} 26. cxd5 {[%clk 0:16:14]} exd5 {[%clk
0:27:05]} 27. Nd4 {[%clk 0:16:29]} Qg6 {[%clk 0:19:18]} 28. Bxd5 {[%clk 0:15:32]}
Rac8 {[%clk 0:17:55]} 29. e6 {[%clk 0:14:33]} fxe6 {[%clk 0:17:27]} 30. Nxe6
{[%clk 0:14:17]} Rf7 {[%clk 0:14:10]} 31. Nf4 {[%clk 0:12:45]} Qf5 {[%clk
0:12:29]} 32. Qxe7 {[%clk 0:11:36]} 1-0

[Event "9th Vellmar Chess Days"]
[Site "chess24.com"]
[Date "2017.07.15"]
[Round "5"]
[White "Oezdemir, Ali Oezden"]
[Black "Garbe, Ralf"]
[Result "0-1"]
[Board "12"]
[WhiteElo "1997"]
[WhiteCountry "GER"]
[WhiteFideId "12952745"]
[WhiteEloChange "-4"]
[BlackElo "2213"]
[BlackCountry "GER"]
[BlackFideId "4651022"]
[BlackEloChange "4"]

1. e4 {[%clk 1:30:57]} e6 {[%clk 1:30:54]} 2. d3 {[%clk 1:31:11]} d5 {[%clk
1:31:22]} 3. Qe2 {[%clk 1:31:36]} Be7 {[%clk 1:31:48]} 4. Nf3 {[%clk 1:32:01]}
Nf6 {[%clk 1:31:44]} 5. g3 {[%clk 1:32:21]} c5 {[%clk 1:32:11]} 6. Bg2 {[%clk
1:32:47]} Nc6 {[%clk 1:32:37]} 7. O-O {[%clk 1:32:57]} b6 {[%clk 1:31:54]} 8. e5
{[%clk 1:33:14]} Nd7 {[%clk 1:32:22]} 9. c4 {[%clk 1:32:55]} d4 {[%clk 1:27:38]}
10. Re1 {[%clk 1:32:23]} Bb7 {[%clk 1:20:45]} 11. h4 {[%clk 1:32:46]} h6 {[%clk
1:20:54]} 12. h5 {[%clk 1:27:43]} Qc7 {[%clk 1:12:23]} 13. Na3 {[%clk 1:27:55]}
a6 {[%clk 1:12:30]} 14. Nc2 {[%clk 1:28:20]} O-O-O {[%clk 1:06:50]} 15. a3 {[%clk
1:27:29]} g6 {[%clk 0:56:35]} 16. hxg6 {[%clk 1:27:42]} fxg6 {[%clk 0:55:46]} 17.
Bd2 {[%clk 1:13:58]} g5 {[%clk 0:55:24]} 18. b4 {[%clk 1:14:27]} Rdg8 {[%clk
0:45:03]} 19. bxc5 {[%clk 0:40:20]} bxc5 {[%clk 0:45:06]} 20. Rab1 {[%clk
0:40:42]} Nd8 {[%clk 0:39:48]} 21. Nh2 {[%clk 0:31:06]} Bxg2 {[%clk 0:37:55]} 22.
Kxg2 {[%clk 0:31:35]} Qc6+ {[%clk 0:37:35]} 23. Kg1 {[%clk 0:29:42]} Rf8 {[%clk
0:27:06]} 24. Qe4 {[%clk 0:22:53]} Rf5 {[%clk 0:26:52]} 25. f4 {[%clk 0:21:43]}
h5 {[%clk 0:21:33]} 26. Kh1 {[%clk 0:18:22]} Rff8 {[%clk 0:18:52]} 27. Kg2 {[%clk
0:14:47]} h4 {[%clk 0:18:35]} 28. Nf3 {[%clk 0:14:16]} hxg3 {[%clk 0:17:36]} 29.
Kxg3 {[%clk 0:11:19]} gxf4+ {[%clk 0:17:35]} 30. Bxf4 {[%clk 0:11:47]} Rh5 {[%clk
0:13:52]} 31. Qxc6+ {[%clk 0:07:10]} Nxc6 {[%clk 0:14:20]} 32. Re4 {[%clk
0:07:38]} Bd8 {[%clk 0:10:55]} 33. Rbe1 {[%clk 0:07:11]} Ne7 {[%clk 0:09:50]} 34.
Na1 {[%clk 0:07:04]} Ng6 {[%clk 0:08:48]} 35. Rf1 {[%clk 0:04:49]} Nxf4 {[%clk
0:06:15]} 36. Rxf4 {[%clk 0:05:01]} Rxf4 {[%clk 0:06:45]} 37. Kxf4 {[%clk
0:05:15]} Rf5+ {[%clk 0:07:14]} 38. Ke4 {[%clk 0:04:10]} Nxe5 {[%clk 0:07:38]}
39. Nd2 {[%clk 0:04:17]} Rh5 {[%clk 0:05:58]} 40. Nab3 {[%clk 0:04:32]} Be7
{[%clk 0:04:52]} 41. Nf3 {[%clk 0:30:57]} Nd7 {[%clk 0:33:38]} 42. Ng1 {[%clk
0:27:54]} Re5+ {[%clk 0:32:43]} 0-1